Loading...

Control of transcription

Bibliographic Details
Other Authors: Biswas, B. B. (Editor)
Format: Printed Book
Language:English
LEADER 00311nam a2200097Ia 4500
008 210227s9999||||xx |||||||||||||| ||eng||
245 0 |a Control of transcription 
700 |a Biswas, B. B.  |e editor. 
942 |c BK 
999 |c 356084  |d 356084 
952 |0 0  |1 0  |4 0  |7 0  |9 413242  |a BOT  |b BOT  |c ST1  |d 2021-03-01  |l 0  |p BOT4294  |r 2021-03-01  |w 2021-03-01  |y BK